000
00250nam a2200109Ia 4500
008
231011s9999 xx 000 0 und d
041
_a
eng
100
_a
Edwin B.Flippo.
245
_a
Personnel Management.
260
_b
McGrow Hill -
365
_b
73
999
_c
883493
_d
883493